000 00973cab a2200277 4500
001 ABS42440
008 090401t xxu||||| |||| 00| 0 eng d
035 _a(Sirsi) u36820
041 _aeng
100 _aEmeny, R.
245 _aNew rating system: 1 April 1990 and beyond
350 _a0
490 _aTranscript
_v(Updated from original published in Journal of Val
520 _aDetailed article outlining the provisions of the Local Government Finance Act 1988 and Local Government and Housing Act 1989 as they concern the reform of the domestic and non-domestic rating systems. Includes a list of relevant statutory instruments .
650 _aCOMMUNITY CHARGE
650 _aEXEMPTIONS
650 _aNON DOMESTIC RATING MULTIPLIER
650 _aPHASING
650 _aREVALUATION
650 _aUNIFORM BUSINESS RATE
650 _aUNOCCUPIED PROPERTY
650 _aVALUATION DAYS
690 _aRATING AND VALUATION
942 _n0
948 _c04/03/1997
999 _c23827
_d23827